LEADER 01151nam a2200253 u 4500 001 000000085922 003 CaOOAMICUS 005 20070226124235.0 008 050923q1957 it af u000 u ita u 035 $a11059622 040 $aPUL(R)$bita 245 03$aLe pił belle pagine della letteratura araba /$ca cura di Francesco Gabrieli e Virginia Vacca. 260 $aMilano :$bNuova Accademia,$c1957. 300 $aviii, 332 p., xii c. di tav. :$bill. ;$c22 cm 490 1 $aPagine delle letterature di tutto il mondo 650 4$aLetteratura araba.$0(OLS)http://pul/subject/19442 700 1 $aVacca, Virginia.$0(OLS)http://pul/name/8178 700 1 $aGabrieli, Francesco,$d1904-1996.$0(OLS)http://pul/name/9600 830 0$aPagine delle letterature di tutto il mondo.$0(OLS)http://pul/title/111402 850 $aPUL 852 $aPUL$W1$xDP1 Fondo Cecchetti$y53$m293 A 31$j109131$nBK-PRI$b $qFondi$B109131$CPULBib$Z2$F109131 $HPUL3202 $81 941 1 $a1 996 $6245$aLe pił belle pagine della letteratura araba$9(OLS)http://pul/title/111401 996 $6260$aMilano :$bNuova Accademia$9(OLS)http://pul/publisher/71117 LEADER 01267namaa2200313 i 4500 001 000000177143 003 CaOOAMICUS 005 20240829135300.0 007 tu 008 240829s2022 it 000 u ita r 020 $a978-88-598-2502-9* 040 $aPUL$bita$erda 082 0 $a346.4507 100 1 $aCampobasso, Gian Franco,$d1942-2003,$eautore.$0(OLS)http://pul/name/30569 245 10$aManuale di diritto commerciale /$cCampobasso, Gian Franco. 250 $aOttava edizione 264 4$c©2024. 264 1$aTorino :$bUTET Giuridica,$c[2022] 300 $aXX, 701 pagine ;$c24 cm 650 4$aDiritto commerciale$zItalia$xManuali.$0(OLS)http://pul/subject/20113 850 $aPUL 852 $aPUL$W1$xSL Diritto e Scienze Sociali 3$y79$m346. 4507 CAMGI 8$j201134$a1.Rist. 2024$qDDC 21$B206097$CPULBib$Z2$F206097 $H137337 $82 941 1 $a9 996 $6020$a978-88-598-2502-9*$9(OLS)http://pul/number/169993 996 $6082$a346.4507$9(OLS)http://pul/classification/1803 996 $6245$aManuale di diritto commerciale$9(OLS)http://pul/title/47612 996 $6264$aTorino :$bUTET Giuridica$9(OLS)http://pul/publisher/79191 996 $6264$a[S.l.] :$b[s.n.]$9(OLS)http://pul/publisher/0